Aȯres, Direito e Polt̕ica

Detalles Bibliográficos
Autor principal: Ourique, Arnaldo
Formato: eBook
Lenguaje:español
Publicado: Barcelona : Editorial vLex, 2013
Materias:
Acceso en línea:http://www.vlex.com/source/10922

MARC

LEADER 00000nam a22000007a 4500
005 20130328162932.0
007 cr|||| ||||
008 130328e2013 sp |||||s|||| 00||0 spa d
035 |a 10922 
040 |a vLex 
090 |c 4075  |d 4075 
100 1 0 |a Ourique, Arnaldo  
245 1 0 |a Aȯres, Direito e Polt̕ica  |c / Arnaldo Ourique  |h [Recurso electrn̤ico] 
256 |a Servicio en ln̕ea 
260 |a Barcelona :  |b Editorial vLex,   |c 2013 
300 |a 1 Recurso electrn̤ico 
506 |a Contenido solo disponible en los productos indicados  |d vLex Global  |d vLex Global (Academic Edition, excluding Law Schools)  |d vLex Global (U.S. Academic Edition, Law Schools)  |d vLex Global (U.S. Academic Edition, excluding Law Schools)  |d vLex Global (Academic Edition, Law Schools) 
650 0 4 |a Derecho constitucional  |z Portugal 
650 0 4 |a Administracin̤ autonm̤ica  |z Portugal 
740 |a vLex Libros (Servicio en ln̕ea) 
856 |a Acceso restringido  |u http://www.vlex.com/source/10922 
942 |c BOOK 
999 0 |a Constitutional law